Culture Générale - Série 1534 - Statistiques

Statistiques générales
  • Ce quiz a été pris 145 fois
  • Le résultat moyen est 7 sur 10
Statistiques - réponses
Question Réponse % Correct
Quel nom est donné à la fois aux footballeurs de l'équipe de France et aux hématomes ? bleus
97%
Quelle confiserie est la spécialité de Montélimar ? nougat
93%
Quel ensemble peut être "à cordes", "symphonique" ou "philharmonique", et placé sous la baguette d'un chef ? orchestre
91%
Quelle est la capitale de la Lettonie ? Riga
89%
De quelle ville Georges Brassens était-il originaire ? Sète
71%
Dans quelle ville des Etats-Unis se déroule la série télévisée "Urgences" ? Chicago
66%
Quel organe dur du corps humain est désigné par le mot d'argot : ratiche ? dent
64%
Quel écrivain français est l'auteur de la pièce : "Cyrano de Bergerac", en 1897 ? Edmond Rostand
61%
Quel nom anglais désigne la pince sur laquelle est monté un petit bijou et un film illustrant une chanson ? clip
55%
En 1967, Claude François s'inspire de sa séparation d'avec France Gall pour écrire la chanson... Comme d'habitude
44%
Aucun quiz correspondant
Distribution des résultats
% des personnes avec chaque résultat
Percentile par nombre de réponses
Votre historique - résultats
Vous n’avez pas pris ce quiz